01106cam a2200181 a 4500020002500000041000800025082001300033100002500046245006700071260005100138300001300189505047800202650003600680942000700716952009200723952009200815999001700907 a9780801038266 (pbk.) aENG00a230bSCH1 aSchreiner, Thomas R.10aMagnifying God in Christ : A Summary of New Testament Theology aGrand Rapids, Mish. :bBaker Academic,cc2010. a272 p. ;0 aThe fulfillment of God's saving promises: the already/not yet -- The centrality of God in New Testament theology -- The centrality of Christ in the Gospels -- Jesus' saving work in Acts -- The christology of Paul -- The saving work of God and Christ according to Paul -- The christology of Hebrews/Revelation -- The Holy Spirit -- The problem of sin -- Faith and obedience -- The law and salvation history -- The people of the promise -- The consummation of God's promises. aTheologyaBible - New Testament cBK 00104070aHMIbHMIcGENd2018-11-23l0o230 SCHp11003908r2026-01-16w2026-01-16yBK 00104070aHMIbHMIcGENd2018-11-23l0o230 SCHp11003907r2026-01-16w2026-01-16yBK c22533d22533